000 00374nam a2200157Ia 4500
003 OSt
005 20231230084750.0
008 170523s9999 xx 000 0 und d
020 _a8174732454
040 _ciimt university meerut
100 _aSINGH- PANDEY
245 0 _aINTERNATIONAL BUSINESS AND MKTG MANAGEMENT
260 _bAITBS
260 _c2004
942 _2ddc
_c02
999 _c1404
_d1404